[Event "2nd Sanjin Hotel Cup"]
[Site "Tiayuan CHN"]
[Date "2005.07.09"]
[Round "1"]
[White "McShane,L"]
[Black "Zhang Zhong"]
[Result "1/2-1/2"]
[WhiteElo "2625"]
[BlackElo "2608"]

1.e4 c5 2.d3 Nc6 3.g3 Nf6 4.f4 d5 5.e5 Nd7 6.Nf3 e6 7.c4 Nb6 8.Be3 Be7 9.Nbd2 O-O
10.Be2 d4 11.Bf2 Nd7 12.O-O f6 13.exf6 Nxf6 14.h3 Bd6 15.Nh4 g6 16.Be1 Qc7
17.Kg2 Bd7 18.Bg4 Ne7 19.Ne4 Nxe4 20.dxe4 e5 21.Bxd7 Qxd7 22.Bd2 Rf7 23.Qg4 Qc6
24.fxe5 Bxe5 25.Rxf7 Kxf7 26.Rf1+ Kg8 27.Bg5 Re8 28.Bxe7 Rxe7 29.Nf5 Re8
30.Nh6+ Kg7 31.Rf7+ Kh8 32.Rd7 Qa4 33.Nf7+ Kg8 34.Nh6+ Kh8 35.Nf7+ Kg8 36.Nh6+ Kh8  1/2-1/2

[Event "2nd Sanjin Hotel Cup"]
[Site "Tiayuan CHN"]
[Date "2005.07.12"]
[Round "4"]
[White "Petrosian,TL"]
[Black "McShane,L"]
[Result "1-0"]
[WhiteElo "2581"]
[BlackElo "2625"]

1.Nf3 Nf6 2.g3 g6 3.Bg2 Bg7 4.O-O O-O 5.d4 d6 6.c4 Nbd7 7.Nc3 e5 8.h3 c6
9.dxe5 dxe5 10.Be3 Qe7 11.Qb3 Re8 12.Rfd1 Bf8 13.Nd2 Qe6 14.Nde4 Nxe4 15.Nxe4 Nf6
16.Nc5 Qe7 17.Rd2 h6 18.Rad1 Qc7 19.Qa4 h5 20.b4 Bf5 21.b5 e4 22.bxc6 bxc6
23.Na6 Qb7 24.Kh2 Rac8 25.Nc5 Qb8 26.Na6 Qb7 27.Nc5 Qe7 28.Rd6 Qxd6 29.Rxd6 Bxd6
30.Nb7 Be5 31.Qa3 Re6 32.Nc5 Rd6 33.Qxa7 h4 34.Qa5 Re8 35.Bf4 Bxf4 36.gxf4 Rd1
37.Qc3 Nh5 38.e3 Red8 39.Nb3 Ra8 40.Qb2 Ng7 41.Qc2 Rd3 42.Nc1 Rda3 43.Bxe4 Be6
44.Bxc6 Rc8 45.Bb5 Nf5 46.Qb2 Ra7 47.Nd3 Nd6 48.a4 Nxc4 49.Qd4 Rac7 50.e4 Nd2
51.Ne5 Rc2 52.f5 gxf5 53.exf5 Bxf5 54.Qxh4 Ne4 55.Ng4 Bg6 56.Bd3 Nd2 57.Qh6 R2c6
58.Qxd2 Rd8 59.Qa5  1-0

[Event "2nd Sanjin Hotel Cup"]
[Site "Tiayuan CHN"]
[Date "2005.07.14"]
[Round "6"]
[White "Bu Xiangzhi"]
[Black "McShane,L"]
[Result "1-0"]
[WhiteElo "2632"]
[BlackElo "2625"]

1.Nf3 Nf6 2.c4 g6 3.Nc3 Bg7 4.e4 d6 5.d4 O-O 6.Be2 e5 7.O-O Na6 8.Be3 Ng4
9.Bg5 Qe8 10.dxe5 dxe5 11.h3 h6 12.Bd2 Nf6 13.Be3 c6 14.c5 Nh5 15.Re1 Be6
16.Bxa6 bxa6 17.Qa4 f5 18.Rad1 f4 19.Bc1 g5 20.Rd6 Bd7 21.Qxa6 Rf7 22.b4 Bf8
23.Rxd7 Rxd7 24.Qxc6 a5 25.a3 Rd1 26.Qxe8 Rxe1+ 27.Nxe1 Rxe8 28.Nd3 axb4
29.axb4 Nf6 30.Kf1 Kf7 31.Ke2 Ke6 32.Bb2 Rb8 33.f3 Be7 34.Na4 Nh5 35.Nb6 Ng3+
36.Ke1 Rd8 37.Nxe5 Bf6 38.c6 Be7 39.Nd5 Bd6 40.Nc4 Rb8 41.c7 Rc8 42.Nxd6 Kxd6
43.b5  1-0

[Event "15th ETC"]
[Site "Gothenburg SWE"]
[Date "2005.07.30"]
[Round "1"]
[White "McShane,L"]
[Black "Bakalarz,M"]
[Result "1-0"]
[WhiteElo "2625"]
[BlackElo "2423"]

1.d4 e6 2.e4 d5 3.Nd2 c5 4.Ngf3 cxd4 5.Nxd4 Nc6 6.Bb5 Bd7 7.Nxc6 Bxc6 8.Bxc6+ bxc6
9.c4 Nf6 10.Qa4 Qd7 11.e5 Ng4 12.Nf3 c5 13.Qc2 h5 14.O-O d4 15.Bd2 Qb7 16.Rfb1 a5
17.a3 Be7 18.b4 axb4 19.axb4 cxb4 20.Rxa8+ Qxa8 21.h3 Nh6 22.Nxd4 g6 23.Bxh6 Rxh6
24.c5 Kf8 25.c6 Kg7 26.c7 Rh8 27.Nb5 Qa5 28.Nd6 Qxe5 29.c8=Q Bxd6 30.Q8c6 Qh2+
31.Kf1 Rb8 32.h4 Be5 33.g3 Qh3+ 34.Qg2 Qg4 35.Qge4 Qh3+ 36.Kg1 Bxg3 37.fxg3 Qxg3+
38.Qcg2 Qc3 39.Qb2  1-0

[Event "15th ETC"]
[Site "Gothenburg SWE"]
[Date "2005.08.03"]
[Round "5"]
[White "Nisipeanu,LD"]
[Black "McShane,L"]
[Result "1/2-1/2"]
[WhiteElo "2679"]
[BlackElo "2625"]

1.e4 g6 2.d4 Bg7 3.Nf3 d6 4.Be2 Nd7 5.c4 e5 6.Nc3 Ngf6 7.O-O O-O 8.Be3 c6
9.d5 c5 10.a3 Ng4 11.Bg5 f6 12.Bd2 Qe7 13.b4 f5 14.Ng5 Ndf6 15.f3 Nh6 16.Rb1 f4
17.bxc5 dxc5 18.Ne6 Rf7 19.Ng5 Rf8 20.Qa4 Rd8 21.Rfd1 Bf8 22.Ne6 Bd7 23.Qc2 Bxe6
24.dxe6 Rab8 25.Qa4 a6 26.Rb6 Rd6 27.Rxd6 Qxd6 28.Bxf4 Qxe6 29.Be3 Nf7 30.Qa5 Qc6
31.Rb1 Be7 32.Qb6 Qxb6 33.Rxb6 Nd7 34.Rb1 Bd6 35.Na4  1/2-1/2

[Event "It"]
[Site "Igualada ESP"]
[Date "2005.08.19"]
[Round "3"]
[White "McShane,L"]
[Black "Korchnoi,V"]
[Result "1/2-1/2"]
[WhiteElo "2625"]
[BlackElo "2615"]

1.e4 e6 2.Qe2 c5 3.f4 Nc6 4.Nf3 d6 5.d3 g6 6.c3 Bg7 7.Be3 Nge7 8.Nbd2 b6
9.g3 Ba6 10.h4 d5 11.e5 Nf5 12.Bf2 h5 13.Bh3 Qd7 14.a3 Rc8 15.Kf1 Nce7 16.b4 Qa4
17.Kg2 Qc2 18.c4 dxc4 19.dxc4 Rd8 20.Rhc1 Qd3 21.Qxd3 Rxd3 22.Kg1 Bb7 23.Bg2 Ne3
24.Bxe3 Rxe3 25.bxc5 Nf5 26.cxb6 axb6 27.Rab1 O-O 28.Rxb6 Bxf3 29.Nxf3 Nxg3
30.Kf2 Nf5 31.Bh3 Re4 32.Bxf5 gxf5 33.Kg3 Bh6 34.Ng5 Bxg5 35.hxg5 Re3+ 36.Kf2 Rxa3
37.c5 Rd8 38.Rd6 Rb8 39.Rc2 Rh3 40.Ke1 Kg7 41.c6 Rh1+ 42.Kd2 Rh2+ 43.Kc3 Rxc2+
44.Kxc2 h4 45.Kc3 h3 46.Kc4 h2 47.Rd1 Rb2 48.Kc5 Rg2 49.Rh1 Rc2+ 50.Kd6 Rd2+
51.Ke7 Rc2 52.Kd7 Rd2+ 53.Kc8 Rc2 54.c7 Rg2 55.Kd8 Rd2+ 56.Ke8 Rc2 57.Kd8 Rd2+
58.Ke8  1/2-1/2

[Event "21st ECC"]
[Site "Saint Vincent ITA"]
[Date "2005.09.18"]
[Round "1"]
[White "Pedersen,Nic"]
[Black "McShane,L"]
[Result "1-0"]
[WhiteElo "2488"]
[BlackElo "2625"]

1.d4 Nf6 2.c4 g6 3.Nc3 Bg7 4.Nf3 O-O 5.Bg5 c5 6.d5 d6 7.e3 e6 8.Nd2 Na6 9.Be2 exd5
10.cxd5 Nc7 11.e4 Re8 12.O-O b6 13.f4 h6 14.Bh4 Qd7 15.Bxf6 Bxf6 16.e5 dxe5
17.Nde4 Bg7 18.d6 exf4 19.dxc7 Qxc7 20.Bf3 Bd4+ 21.Kh1 Ba6 22.Re1 Kg7 23.Qa4 Bb7
24.Nd2 Re3 25.Bxb7 Qxb7 26.Rxe3 fxe3 27.Nf3 Rd8 28.Qc2 Qe7 29.Ne2 Bf6 30.Re1 b5
31.b3 c4 32.bxc4 Rc8 33.h3 bxc4 34.Nc3 Qb4 35.Rxe3 Rd8 36.Ne4 Bb2 37.h4 Re8
38.Re2 Ba1 39.Qc1 Bf6 40.Re1 Bb2 41.Qc2 f5 42.Rb1 fxe4 43.Rxb2 Qe7 44.Qc3+ Kh7
45.Re2 Rb8 46.Qe1  1-0

[Event "Bundesliga 2005-6"]
[Site "Bremen GER"]
[Date "2005.11.12"]
[Round "3"]
[White "Nisipeanu,LD"]
[Black "McShane,L"]
[Result "1/2-1/2"]
[WhiteElo "2707"]
[BlackElo "2605"]

1.e4 e5 2.Nf3 Nc6 3.Bb5 Nf6 4.O-O Nxe4 5.d4 Nd6 6.Bxc6 dxc6 7.dxe5 Nf5 8.Qxd8+ Kxd8
9.Nc3 Ne7 10.Bg5 Ke8 11.Rad1 Bg4 12.Rd4 Bf5 13.Ne4 h6 14.Bd2 b6 15.Re1 c5
16.Rd3 Nc6 17.Bc3 Be6 18.Nfd2 Rd8 19.Rxd8+ Kxd8 20.Nf1 b5 21.b3 b4 22.Bb2 c4
23.bxc4 Bxc4 24.Ra1 g5 25.Ne3 Be6 26.a3 Kc8 27.h4 gxh4 28.f4 bxa3 29.Bxa3 Bxa3
30.Rxa3 Rd8 31.f5 Bd7 32.e6 fxe6 33.f6 Rf8 34.Nc4 e5 35.Ra6 Be8 36.c3 Kd8
37.Kh2 Bg6 38.Ncd2 Be8 39.Nc4 Bg6 40.Ncd2 Be8  1/2-1/2

[Event "Bundesliga 2005-6"]
[Site "Hamburg GER"]
[Date "2005.12.10"]
[Round "5"]
[White "Vogt,L"]
[Black "McShane,L"]
[Result "0-1"]
[WhiteElo "2484"]
[BlackElo "2605"]

1.e4 e5 2.Nf3 Nc6 3.Bb5 Nf6 4.O-O Nxe4 5.d4 Nd6 6.Bxc6 dxc6 7.dxe5 Nf5 8.Qxd8+ Kxd8
9.Rd1+ Ke8 10.Nc3 Ne7 11.h3 Ng6 12.Re1 Bb4 13.Bd2 Bxc3 14.Bxc3 Be6 15.Rad1 c5
16.a3 a5 17.Ng5 b6 18.Kh2 h6 19.Ne4 h5 20.Bd2 Bf5 21.Bg5 Nf8 22.c3 Ne6 23.h4 c4
24.f3 Kf8 25.Rd5 Re8 26.Ng3 Bd3 27.b3 Kg8 28.bxc4 Bxc4 29.Rd7 Bb5 30.Rd5 Bc6
31.Rd2 Kh7 32.f4 Nxg5 33.hxg5 Kg6 34.Kh3 h4 35.Ne2 Bb7 36.Nd4 Bc8+ 37.Kh2 Rd8
38.Ree2 Bg4 39.Rf2 Rhe8 40.Nb5 Rxd2 41.Rxd2 Re7 42.Rd8 Kf5 43.g3 h3 44.Nd4+ Ke4
45.Nc6 Rd7 46.Rxd7 Bxd7 47.Nd8 Kd5 48.Nxf7 b5 49.Nd8 c5 50.Nb7 b4 51.cxb4 cxb4
52.axb4 axb4 53.Na5 Bg4  0-1

[Event "Bundesliga 2005-6"]
[Site "Hamburg GER"]
[Date "2005.12.11"]
[Round "6"]
[White "McShane,L"]
[Black "Richter,Mic"]
[Result "1/2-1/2"]
[WhiteElo "2605"]
[BlackElo "2407"]

1.e4 c5 2.Nf3 Nc6 3.Bb5 Qc7 4.O-O a6 5.Bxc6 dxc6 6.Na3 e5 7.Nc4 Bd6 8.b4 cxb4
9.d4 exd4 10.Qxd4 Be7 11.e5 c5 12.Qf4 Be6 13.Rd1 Bxc4 14.Qxc4 Qc6 15.Qg4 Nh6
16.Bxh6 gxh6 17.Qg7 Rf8 18.e6 fxe6 19.Qxh7 Bf6 20.Rab1 Rh8 21.Qg6+ Ke7 22.Qh5 Rhg8
23.g3 Rad8 24.Nh4 Bd4 25.Ng6+ Kf6 26.Nf4 e5 27.Qxh6+ Ke7 28.Qh7+ Kd6 29.c3 bxc3
30.Rxb7 exf4 31.Re1 Bxf2+ 32.Kxf2 fxg3+ 33.hxg3 Rdf8+ 34.Rf7 Rxf7+ 35.Qxf7 Qd5
36.Qf6+ Kd7 37.Qxc3 Qd4+ 38.Qxd4+ cxd4 39.Rd1 Rf8+ 40.Ke2 Re8+ 41.Kf3 Re3+
42.Kf4 Ra3 43.Rxd4+ Ke6 44.Rd2 Kf6 45.Rg2 Ra4+ 46.Ke3 Kg5 47.Kd3 Kf5 48.Kc3 Rg4
49.Rf2+ Ke4 50.Re2+ Kf3 51.Re6 Rxg3 52.Kb4 Rg5 53.Rxa6 Ke4 54.Kc4 Rg2 55.a4 Rc2+
56.Kb3 Rc8 57.Rd6 Ke5 58.Rd2 Rb8+ 59.Kc4 Rb1 60.a5 Ra1 61.Kb5 Rb1+ 62.Kc6 Rc1+
63.Kb7 Rb1+ 64.Ka7 Ke6 65.Rd8 Ke7 66.Rb8 Ra1 67.Rb5 Kd7 68.Kb7 Rc1 69.Rd5+ Ke6
70.Rb5 Kd7 71.a6 Rc7+ 72.Kb6 Rc6+ 73.Ka5 Rc1 74.a7 Kc7 75.a8=N+ Kc6 76.Rb6+ Kd5
77.Rb5+ Rc5 78.Nc7+ Kc6 79.Rxc5+  1/2-1/2

[Event "Bundesliga 2005-6"]
[Site "Muelheim Nord GER"]
[Date "2006.01.28"]
[Round "8"]
[White "McShane,L"]
[Black "Volokitin,And"]
[Result "0-1"]
[WhiteElo "2609"]
[BlackElo "2665"]

1.e4 c5 2.d3 Nc6 3.g3 Nf6 4.f4 g6 5.Bg2 d6 6.Nf3 Bg7 7.O-O O-O 8.Nc3 Rb8
9.h3 b5 10.a3 a5 11.Be3 b4 12.axb4 axb4 13.Ne2 Nd7 14.Qc1 Bb7 15.g4 Ra8 16.Rb1 Ra2
17.Kh1 Ba6 18.Rd1 Qb6 19.f5 Nd4 20.Nf4 Nxf3 21.Bxf3 Ne5 22.Bg2 Bb7 23.Rf1 Rfa8
24.Qd2 Bc6 25.Qf2 Qb7 26.Qh4 b3 27.cxb3 Re8 28.Bd2 Qxb3 29.Bc3 e6 30.f6 Bf8
31.Qg3 Bb5 32.Rfd1 Qa4 33.h4 c4 34.d4 Nd3 35.Bf3 e5 36.Nd5 exd4 37.Bxd4 Qb3
38.Rd2 Bc6 39.Ne7+ Bxe7 40.fxe7 Ne5 41.Bc3 Qb7 42.Bg2 Bxe4 43.Rf1 Bxg2+ 44.Rxg2 Rxe7
45.Kh2 Ra8 46.h5 Rae8 47.Qf4 Qd5 48.Rg3 f6 49.Rf2 Rf7 50.hxg6 hxg6 51.Rh3 g5
52.Qg3 Qe4 53.Rg2 Rh7 54.Rxh7 Qxh7+ 55.Qh3 Nf3+ 56.Kg3 Nh4  0-1

[Event "Bundesliga 2005-6"]
[Site "Hamburg GER"]
[Date "2006.02.19"]
[Round "11"]
[White "McShane,L"]
[Black "Wippermann,T"]
[Result "1-0"]
[WhiteElo "2609"]
[BlackElo "2457"]

1.e4 c5 2.c3 g6 3.d4 Qa5 4.Nd2 d6 5.Ngf3 Bg7 6.Nb3 Qc7 7.dxc5 dxc5 8.Qd5 Nd7
9.Bb5 a6 10.Qxc5 Qxc5 11.Bxd7+ Bxd7 12.Nxc5 Bc6 13.Nd2 Nf6 14.f3 O-O 15.Nc4 Bb5
16.Nb6 Rad8 17.a4 Bc6 18.Bf4 Ne8 19.Ke2 Nd6 20.Rhd1 Rfe8 21.Rd2 e5 22.Be3 Nc8
23.Rxd8 Rxd8 24.Nc4 b5 25.Na5 Rd6 26.Nxc6 Rxc6 27.axb5 axb5 28.Ra8 Bf8 29.Nd7 b4
30.Nxe5 Rc7 31.cxb4 Bxb4 32.Bb6 Rc1 33.Nd3 Rc2+ 34.Kf1 Bf8 35.Bc5  1-0

[Event "Bundesliga 2005-6"]
[Site "Godesberg GER"]
[Date "2006.03.12"]
[Round "13"]
[White "Kasimdzhanov,R"]
[Black "McShane,L"]
[Result "1-0"]
[WhiteElo "2670"]
[BlackElo "2609"]

1.e4 e5 2.Nf3 Nc6 3.d4 exd4 4.Nxd4 Bb4+ 5.c3 Bc5 6.Be3 Bb6 7.Nf5 Bxe3 8.Nxe3 Nf6
9.f3 O-O 10.c4 Nh5 11.Qd2 d6 12.Nc3 Nf4 13.O-O-O a6 14.Ned5 Ne6 15.Qe3 Bd7
16.f4 f6 17.h4 Ne7 18.g4 Nxd5 19.cxd5 Nc5 20.g5 Qe7 21.Bc4 b5 22.Qxc5 bxc4
23.Qxc7 fxg5 24.fxg5 Rf3 25.Qxc4 Bb5 26.Qd4 Rc8 27.Kb1 Rc4 28.Qd2 Qe5 29.Rhe1 Rh3
30.g6 Rxh4 31.Qf2 Rf4 32.gxh7+ Kh8 33.Qg3 Rb4 34.Ka1 Bd7 35.Qe3 Rfxe4 36.Qxe4 Rxe4
37.Rxe4 Qh2 38.Ree1 Bg4 39.Rh1 Qc2 40.Rc1 Qd3 41.Rce1 Bd7 42.Ne4 Bb5 43.Nxd6 Qxd5
44.Rd1 Bd3 45.Nf7+ Qxf7 46.Rxd3 Qc7 47.Rg1 Kxh7 48.Rdg3 Kh8 49.a3 Qe5 50.Rxg7 Qh2
51.Rg8+ Kh7 52.R1g7+  1-0

[Event "Bundesliga 2005-6"]
[Site "Bremen GER"]
[Date "2006.04.01"]
[Round "14"]
[White "Gyimesi,Z"]
[Black "McShane,L"]
[Result "1/2-1/2"]
[WhiteElo "2602"]
[BlackElo "2609"]

1.d4 Nf6 2.c4 g6 3.Nc3 Bg7 4.e4 d6 5.Nf3 O-O 6.Be2 e5 7.O-O Na6 8.Re1 c6
9.Bf1 Bg4 10.d5 c5 11.h3 Bd7 12.Bg5 Kh8 13.Qd2 Rg8 14.Bd3 Qf8 15.Rf1 h6 16.Be3 Nh7
17.Nh2 f5 18.exf5 gxf5 19.f4 e4 20.Be2 Nc7 21.Kh1 Qe8 22.a4 h5 23.g3 Nf6
24.Rg1 Bh6 25.Rg2 Qf7 26.Nb5 Nxb5 27.axb5 b6 28.b4 Rg7 29.bxc5 dxc5 30.Rag1 Rag8
31.Qb2 Kh7 32.Qe5 Bc8 33.Qb2 Qe7 34.Qa1 Rg6 35.Qd1 Bf8 36.Bc1 Rh6 37.Bb2 Bg7
38.Nf1 Qf7 39.Be5 Nd7 40.Bxg7 Qxg7 41.Ne3 Nf6 42.Qa1 Re8 43.Qd1 Qc7 44.Qf1  1/2-1/2

[Event "ch-EU"]
[Site "Liverpool ENG"]
[Date "2006.09.07"]
[Round "2"]
[White "Ciuksyte,D"]
[Black "McShane,L"]
[Result "1/2-1/2"]
[WhiteElo "2440"]
[BlackElo "2614"]

1.e4 e5 2.Nf3 Nc6 3.Bb5 a6 4.Ba4 Nf6 5.O-O Be7 6.Re1 b5 7.Bb3 d6 8.c3 O-O
9.h3 Nb8 10.d4 Nbd7 11.Nbd2 Bb7 12.Bc2 Re8 13.Nf1 Bf8 14.Ng3 g6 15.b3 Bg7
16.d5 Qe7 17.c4 c6 18.Bg5 Rec8 19.Qd2 a5 20.Nh2 Qf8 21.Red1 bxc4 22.bxc4 Ba6
23.dxc6 Rxc6 24.Rac1 Nc5 25.Bxf6 Bxf6 26.Ng4 Bd8 27.Bd3 Rac8 28.Bf1 h5 29.Ne3 h4
30.Ne2 Nxe4 31.Qd5 Nf6 32.Qf3 d5 33.Nxd5 Nxd5 34.Qxd5 Rc5 35.Qd2 e4 36.Qd4 Bg5
37.Rb1 Bxc4 38.Qxe4 Bxa2 39.Rb6 Re8 40.Qa4 Bd5 41.Nc3 Ba8 42.Bc4 Kg7 43.Bd5 Bxd5
44.Nxd5 Rd8 45.Qe4 Rd7 46.Rd3 Kh6 47.Nf4 Rc1+ 48.Kh2 Re1 49.Rxg6+ Kh7 50.Qf5 Bxf4+
51.Rgg3+ Kh8 52.Qf6+ Kh7 53.Qxh4+ Qh6 54.Qxh6+ Kxh6 55.Rxd7 f6 56.Ra7 Ra1
57.Ra6 Bxg3+ 58.Kxg3 Kg5 59.Ra8 Ra3+ 60.f3 Ra1 61.Rb8 Ra4 62.Rg8+ Kh6 63.f4 Kh7
64.Ra8 Kg6 65.Kg4 f5+ 66.Kg3 Kf6 67.Ra6+ Kf7 68.h4 Ra1 69.Kh2 a4 70.Ra5 Kf6
71.h5 a3 72.Ra7 Rf1 73.g3 Rf2+ 74.Kg1 Rf3 75.Kg2 Rb3 76.h6 Kg6 77.h7 Rb8
78.Rxa3 Kxh7 79.Ra6 Kg7 80.Ra3 Kg6 81.Kf3 Rb6 82.Ra5 Kf6 83.Kg2 Rb8 84.Ra6+  1/2-1/2

[Event "ch-EU"]
[Site "Liverpool ENG"]
[Date "2006.09.08"]
[Round "3"]
[White "McShane,L"]
[Black "Haslinger,S"]
[Result "1-0"]
[WhiteElo "2614"]
[BlackElo "2423"]

1.e4 e5 2.Nf3 d6 3.d4 exd4 4.Nxd4 Nf6 5.Nc3 Be7 6.g3 d5 7.e5 Ne4 8.Nxe4 dxe4
9.Bf4 O-O 10.Bg2 Qd5 11.Nb3 Qb5 12.a4 Qb4+ 13.c3 Qc4 14.Nd2 Qe6 15.Bxe4 Nd7
16.Qe2 Nc5 17.Bc2 Qh3 18.b4 Ne6 19.Be3 c6 20.Ne4 Nc7 21.f3 Nd5 22.Bd2 a5
23.bxa5 Rxa5 24.Bb3 Nc7 25.f4 Bg4 26.Nf2 Bxe2 27.Nxh3 Bf3 28.O-O Bc5+ 29.Nf2 Rd8
30.Ra2 b5 31.c4 b4 32.Re1 Ne6 33.Be3 Nd4 34.Rd2 Raa8 35.Bxd4 Rxd4 36.Rxd4 Bxd4
37.Kf1 c5 38.Ne4 Bxe4 39.Rxe4 Kf8 40.Kg2 Re8 41.Kf3 Rd8 42.Re2 Ke7 43.g4 Bc3
44.a5 Ra8 45.Ra2 Ra6 46.Ke4 f6 47.Kd5 Bd4 48.g5 fxe5 49.fxe5 Be3 50.h4 g6
51.Ra4 Kf7 52.Bd1 Ke7 53.Ra1 Bd4 54.Ra2 Bc3 55.Bb3 Bd4 56.Ra4 Be3 57.Ra1 Bf2
58.Bc2 Bd4 59.Ra4 Bc3 60.Ra2 b3 61.Bxb3 Rxa5 62.Rf2 Ra3 63.Bc2 Be1 64.Rf1 Bxh4
65.Rh1 Bxg5 66.Rxh7+ Kd8 67.Bxg6 Re3 68.Kd6 Kc8 69.Rc7+ Kb8 70.Rxc5 Bf4 71.Rb5+ Ka7
72.Bf7 Re4 73.Rc5 Kb6 74.Rb5+ Ka7 75.Be6 Bg3 76.Rd5 Rxc4 77.Rd3 Bxe5+ 78.Kxe5 Rc1
79.Kd6 Kb6 80.Rb3+ Ka5 81.Bd7 Rh1 82.Rb5+ Ka6 83.Kc7 Rh7 84.Rb4 Rh5 85.Rg4 Rc5+
86.Bc6 Rh5 87.Ra4+ Ra5 88.Rb4 Rh5 89.Kd6 Ka5 90.Rb2 Rh3 91.Rb1 Rc3 92.Be4 Rc4
93.Bd3 Rb4 94.Rc1 Rb3 95.Bc4 Rb6+ 96.Kd5 Rb2 97.Ra1+ Kb6 98.Ra6+ Kb7 99.Kc5 Rc2
100.Rg6 Rc1 101.Rg7+ Kc8 102.Kd5 Kb8 103.Ba6 Rc7 104.Rg8+ Ka7 105.Kd6 Rc2
106.Bb5 Kb6 107.Rb8+ Ka7 108.Rh8 Kb6 109.Bd3 Rd2 110.Rb8+ Ka7 111.Rb3 Rd1
112.Kc5 Rc1+ 113.Bc4 Rc2 114.Rb4 Rc3 115.Kc6 Rc1 116.Kc7 Ra1 117.Bb5 Ra3
118.Rb2 Ra5 119.Bc6 Ka6 120.Rb8  1-0

[Event "ch-EU"]
[Site "Liverpool ENG"]
[Date "2006.09.09"]
[Round "4"]
[White "Pert,N"]
[Black "McShane,L"]
[Result "0-1"]
[WhiteElo "2503"]
[BlackElo "2614"]

1.d4 Nf6 2.Nf3 g6 3.c4 Bg7 4.g3 O-O 5.Bg2 d6 6.O-O Nc6 7.Nc3 Rb8 8.e3 Bd7
9.Qe2 a6 10.d5 Na7 11.e4 b5 12.e5 Ne8 13.Re1 c5 14.a4 bxc4 15.Qxc4 a5 16.h3 Nc8
17.Qe2 Qb6 18.Nd2 Nc7 19.Ra3 Qa6 20.Rb3 Qxe2 21.Rxe2 Rb4 22.e6 fxe6 23.dxe6 Be8
24.Ra3 Nb6 25.Nf1 Nc4 26.Ra2 Rf6 27.Nd5 Nxd5 28.Bxd5 Bxa4 29.Bxc4 Rxc4 30.Bg5 Rb4
31.Bxf6 Bxf6 32.b3 Bxb3 33.Rxa5 Bd5 34.Ra3 Rb1 35.Rae3 Bd4 36.Re1 Rb7 37.Rd3 Bc4
38.Rdd1 Kg7 39.g4 h6 40.Nd2 Bd5 41.Ne4 Rb2 42.Rd2 Rb6 43.Rde2 Bc4 44.Rd2 Bxe6
45.Ng5 hxg5 46.Rxe6 Kf7 47.Rde2 Rb7 48.Kf1 Bf6 49.Ke1 c4 50.Kd1 Rb1+ 51.Kc2 Ra1
52.Kd2 Ra3 53.R6e3 Ra2+ 54.Kd1 Ra1+ 55.Kd2 d5 56.Re6 Ra3 57.Rc6 Rxh3 58.Re3 Rh4
59.f3 Rh3 60.Ra3 Rh2+ 61.Kd1 Rh1+ 62.Kc2 Rh2+ 63.Kd1 c3 64.Raxc3 Bxc3 65.Rxc3 Kf6
66.Ke1 Ke5 67.Re3+ Kd6 68.Ra3 e6 69.Ra8 Ke5 70.Re8 Kf4 71.Rxe6 Kxf3 72.Re5 d4
73.Rxg5 Re2+ 74.Kd1 Re6 75.Kd2 Kf4 76.Ra5 Kxg4 77.Kd3 g5 78.Kxd4 Kf4 79.Kd3 g4
80.Ra8 Kf3 81.Rf8+ Kg2 82.Kd2 g3 83.Rh8 Kg1 84.Rh7 g2 85.Rh8 Re5  0-1

[Event "ch-EU"]
[Site "Liverpool ENG"]
[Date "2006.09.10"]
[Round "5"]
[White "McShane,L"]
[Black "Williams,Si"]
[Result "0-1"]
[WhiteElo "2614"]
[BlackElo "2473"]

1.e4 e6 2.d4 d5 3.Nd2 Nf6 4.e5 Nfd7 5.f4 c5 6.c3 Nc6 7.Ndf3 Qb6 8.a3 a5 9.b3 Be7
10.h4 f5 11.h5 cxd4 12.cxd4 Ndb8 13.Bd3 Bd7 14.Ne2 a4 15.b4 Na7 16.Nc3 Nb5
17.Nxa4 Qc7 18.Nc5 Nc3 19.Qc2 Ne4 20.h6 Rg8 21.hxg7 Bxc5 22.dxc5 Ba4 23.Qb2 Qxg7
24.Rh3 Nc6 25.Kf1 O-O-O 26.Ne1 Bd1 27.Be3 d4 28.Bf2 Bg4 29.Rh4 Ne7 30.Rh2 Nd5
31.Qc1 h5 32.c6 Qh6 33.g3 Ndc3 34.Ng2 Bf3 35.Qe1 Bxg2+ 36.Rxg2 h4 37.cxb7+ Kxb7
38.Rh2 Qh5 39.Be2 Nxe2 40.Qxe2 Qxe2+ 41.Kxe2 d3+ 42.Ke3 hxg3 43.Rh7+ Kb8
44.Bg1 d2 45.Rd1 Rd5 46.Rh1 g2 47.Rh3 Rc8 48.Ke2 Nc3+ 49.Rxc3 Rxc3 50.Rxd2 Rxd2+
51.Kxd2 Rf3  0-1

[Event "ch-EU"]
[Site "Liverpool ENG"]
[Date "2006.09.12"]
[Round "7"]
[White "McShane,L"]
[Black "Devereaux,M"]
[Result "1-0"]
[WhiteElo "2614"]
[BlackElo "2377"]

1.e4 c5 2.Nf3 Nc6 3.Bb5 g6 4.Bxc6 dxc6 5.d3 Bg7 6.h3 b6 7.Nc3 e5 8.Be3 Ne7
9.Qd2 h6 10.Ng1 Be6 11.Nge2 Qd7 12.a3 f5 13.exf5 gxf5 14.f4 e4 15.dxe4 Qxd2+
16.Bxd2 fxe4 17.g4 Bd5 18.Rf1 Bd4 19.O-O-O e3 20.Be1 Bc4 21.Rf3 Rd8 22.Ng3 O-O
23.b3 Ba6 24.f5 Ng6 25.Nge4 Ne5 26.Rg3 Kh8 27.Kb1 Rd7 28.Rc1 Re7 29.h4 Nd3
30.f6 Bxf6 31.Nxf6 Nxc1 32.g5 Nd3 33.cxd3 Bxd3+ 34.Kc1 hxg5 35.hxg5 Kg7 36.Nd1 Kg6
37.Nxe3 Rh8 38.Bc3 Rh1+ 39.Kd2 Be4 40.Nfg4 Rb1 41.Ne5+ Rxe5 42.Bxe5 Rxb3
43.Rg4 Bf3 44.Rf4 Bd5 45.Bf6 Rxa3 46.Rh4 Ra2+ 47.Ke1 b5 48.Rh6+ Kf7 49.Rh7+ Kg6
50.Rh6+ Kf7 51.Be5 Be4 52.Rf6+ Ke8 53.g6 Bxg6 54.Rxg6 b4 55.Re6+ Kd7 56.Rd6+ Ke8
57.Rxc6 a5 58.Rxc5 b3 59.Rc1 a4 60.Rb1 Kd7 61.Bb2 Kc6 62.Nd1 a3 63.Bc3 b2
64.Kd2 Kb5 65.Kc2 Ra1 66.Rxa1 bxa1=Q 67.Bxa1  1-0

[Event "ch-EU"]
[Site "Liverpool ENG"]
[Date "2006.09.15"]
[Round "10"]
[White "McShane,L"]
[Black "Gordon,S"]
[Result "1/2-1/2"]
[WhiteElo "2614"]
[BlackElo "2443"]

1.d4 Nf6 2.Bg5 e6 3.e4 h6 4.Bxf6 Qxf6 5.Nc3 d6 6.Qd2 c6 7.f4 e5 8.dxe5 dxe5
9.f5 Bb4 10.Nf3 Nd7 11.a3 Ba5 12.Bc4 Qe7 13.O-O-O Nf6 14.Rhe1 Bd7 15.Ba2 b5
16.Re3 Bc7 17.Rd3 a5 18.g4 O-O-O 19.Qe2 Kb7 20.a4 b4 21.Nb1 c5 22.Bb3 c4
23.Bxc4 Bxa4 24.Rxd8 Rxd8 25.Rxd8 Qxd8 26.Bxf7 Bc6 27.Nbd2 Nxg4 28.Bc4 Nf6
29.Bb5 Qd7 30.Bxc6+ Qxc6 31.b3 Ka7 32.Kb1 Kb7 33.Qd3 Ka7 34.Kb2 Kb7 35.Kc1 Ka7
36.Qe2 Kb7 37.Ne1 Bb6 38.Nc4 Ka7 39.Qg2 Qb7 40.Nd3 Nxe4 41.Nxb6 Kxb6 42.Nxe5 Nd6
43.Qd2 Kc7 44.Qd4 Qb5 45.Qa7+ Nb7 46.Nc4 Qc5 47.Qxc5+ Nxc5 48.Nxa5 Ne4 49.Nc4 Kc6
50.Kd1 Kc5 51.Ke2 Kd4 52.Kf3 Nf6 53.Ne3 Ke5 54.h3 Ne8 55.Ke2 Ke4 56.Kd2 Nd6
57.f6 gxf6 58.Ng4 f5 59.Nxh6 f4 60.Ng4 Kf3 61.Ne5+ Kg3 62.Ke2 Nf5 63.Kd3 f3
64.Nxf3 Kxf3 65.Kc4 Ne3+ 66.Kxb4  1/2-1/2

[Event "Bundesliga 2006-7"]
[Site "Eppingen GER"]
[Date "2006.10.29"]
[Round "2"]
[White "Alekseev,Evgeny"]
[Black "McShane,L"]
[Result "1-0"]
[WhiteElo "2634"]
[BlackElo "2609"]

1.e4 d6 2.d4 Nf6 3.Nc3 g6 4.g3 Bg7 5.Bg2 O-O 6.Nge2 Na6 7.O-O c5 8.h3 cxd4
9.Nxd4 Bd7 10.Be3 Nc7 11.Qd2 b5 12.Nd5 e5 13.Nxf6+ Bxf6 14.Ne2 Bc6 15.Rad1 Be7
16.f4 exf4 17.gxf4 Re8 18.f5 Bb7 19.Ng3 Bh4 20.Bf4 Rc8 21.Qd3 Na6 22.Qxb5 Nc5
23.Rxd6 Qe7 24.b4 a6 25.Qb6 Nxe4 26.f6 Qf8 27.Nxe4 Bxe4 28.Bxe4 Rxe4 29.Rfd1 Ree8
30.Rc6 Rxc6 31.Qxc6 Rc8 32.Qxa6 h5 33.c4 Kh7 34.c5 Ra8 35.Qd6 Qe8 36.Qd7 Qg8
37.c6 g5 38.Be5 Qg6 39.c7 Rxa2 40.Qd3 Bf2+ 41.Kh1 Rc2 42.Qxg6+ Kxg6 43.Rd8 Kf5
44.c8=Q+ Rxc8 45.Rxc8 Kxe5 46.b5 Kd6 47.Kg2 Ba7 48.Kf3 Kd7 49.Rg8 g4+ 50.hxg4 hxg4+
51.Kxg4 Ke6 52.Ra8  1-0

[Event "Bundesliga 2006-7"]
[Site "Hamburg GER"]
[Date "2006.11.18"]
[Round "3"]
[White "Landa,K"]
[Black "McShane,L"]
[Result "1-0"]
[WhiteElo "2570"]
[BlackElo "2614"]

1.Nf3 Nf6 2.c4 g6 3.Nc3 Bg7 4.e4 d6 5.d4 O-O 6.Be2 e5 7.O-O Na6 8.Be3 Ng4
9.Bg5 Qe8 10.c5 exd4 11.Nd5 Qxe4 12.Ne7+ Kh8 13.cxd6 f6 14.Nxc8 fxg5 15.Nxg5 Qf4
16.Bxg4 Qxg5 17.d7 Nc5 18.b4 Ne4 19.Qe2 Nc3 20.Qe6 d3 21.Rae1 h5 22.Bf3 d2
23.Re3 Kh7 24.Rd3 a5 25.Qc4 Rd8 26.Qxc7 axb4 27.g3 Rxa2 28.h4 Qf6 29.Kg2 Rc2
30.Rd6 Qf8 31.Qc4 Rc1 32.Qd3 Qf5 33.Qxf5 gxf5 34.Rxd2 Rxf1 35.Kxf1 Ne4 36.Rd5 b3
37.Bd1 b2 38.Bc2  1-0

[Event "Bundesliga 2006-7"]
[Site "Hamburg GER"]
[Date "2006.11.19"]
[Round "4"]
[White "McShane,L"]
[Black "Volokitin,And"]
[Result "1/2-1/2"]
[WhiteElo "2614"]
[BlackElo "2645"]

1.e4 c5 2.Nf3 d6 3.c3 Nf6 4.Be2 Bd7 5.Qc2 e5 6.d4 cxd4 7.cxd4 Nc6 8.d5 Nb4
9.Qb3 Na6 10.Nc3 Nc5 11.Qc2 Rc8 12.Qb1 Be7 13.O-O O-O 14.Bd2 Qe8 15.Rc1 Bd8
16.b4 Na4 17.Nxa4 Rxc1+ 18.Bxc1 Bxa4 19.Nd2 b5 20.Nf1 Bb6 21.Be3 Qb8 22.Bd3 Rc8
23.Qb2 Ng4 24.Bxb6 Qxb6 25.h3 Bc2 26.hxg4 Bxd3 27.Rc1 Rxc1 28.Qxc1 g6 29.Ng3 Qd4
30.Qg5 h6 31.Qd8+ Kg7 32.g5 h5 33.Qf6+ Kg8 34.Qd8+ Kg7 35.Qxd6 h4 36.Nf5+ gxf5
37.Qh6+ Kg8 38.g6 fxg6 39.Qxg6+ Kh8 40.Qh6+ Kg8 41.Qg6+ Kh8 42.Qh6+ Kg8 43.Qg5+ Kh8
44.Qxh4+ Kg7 45.Qg5+ Kh8 46.Qh6+ Kg8 47.Qg6+ Kh8 48.d6 fxe4 49.Qf6+ Kg8 50.Qg6+ Kf8
51.Qf6+ Kg8 52.Qg6+ Kf8 53.Qf5+ Kg7 54.Qg5+ Kf7 55.Qf5+ Kg7 56.Qg4+ Kf6 57.Qh4+ Kg6
58.Qg4+ Kf6 59.Qh4+ Kg6 60.Qg4+  1/2-1/2

[Event "Bundesliga 2006-7"]
[Site "Bremen GER"]
[Date "2006.12.10"]
[Round "6"]
[White "McShane,L"]
[Black "Brynell,S"]
[Result "1-0"]
[WhiteElo "2614"]
[BlackElo "2502"]

1.e4 e6 2.d4 d5 3.Nd2 c5 4.Ngf3 a6 5.dxc5 Bxc5 6.Bd3 Nc6 7.O-O Nge7 8.exd5 exd5
9.Nb3 Bd6 10.Bg5 Bg4 11.Bh4 h6 12.Bg3 O-O 13.Re1 Re8 14.c3 Qd7 15.Be2 Rad8
16.Qd2 Nf5 17.Rad1 Nxg3 18.hxg3 Be7 19.Nfd4 Bxe2 20.Rxe2 Nxd4 21.Nxd4 Bf6
22.Qc2 Rxe2 23.Nxe2 Qc6 24.Rd3 Qc4 25.b3 Qc5 26.Qd1 Qa3 27.Nf4 Qxa2 28.Nxd5 Kh8
29.Qe1 Rg8 30.Nxf6 gxf6 31.Qd1 Re8 32.Rd7 Kg7 33.Qg4+ Kf8 34.Rxb7 Qe2 35.Qxe2 Rxe2
36.Rb6 Rc2 37.Rxf6 Kg7 38.Rxa6 Rxc3 39.Rb6 Rc1+ 40.Kh2 Rc2 41.f3 h5 42.Rb4 f5
43.g4 fxg4 44.fxg4 Kg6 45.gxh5+ Kxh5 46.Kh3 Rb2 47.g3 Kg5 48.Rb5+ Kg6 49.Kg4 Rd2
50.Rb6+ Kf7 51.Kh4 Kg7 52.b4 Rd1 53.Kg5 Rd5+ 54.Kf4 Rd1 55.g4 Rf1+ 56.Kg5 Rd1
57.Rb7+ Kg8 58.b5 Rd2 59.Kf5  1-0

[Event "6th Amplico AIG Life"]
[Site "Warsaw POL"]
[Date "2006.12.16"]
[Round "1"]
[White "Witek,P"]
[Black "McShane,L"]
[Result "0-1"]
[WhiteElo "1947"]
[BlackElo "2614"]

1.d4 Nf6 2.Nf3 e6 3.Bg5 c5 4.e3 Be7 5.c3 b6 6.Nbd2 Bb7 7.Bd3 Nc6 8.Qe2 Rc8
9.O-O O-O 10.Rac1 d6 11.a3 Nd5 12.Bxe7 Qxe7 13.Rfd1 h6 14.c4 Nf6 15.Bb1 Rfd8
16.h3 Ba6  0-1